[Event "12sen.WM-H Naumburg"]
[Site "Naumburg/Saale(20.10.-03.11.)"]
[Date "2002.10.21"]
[Round "1"]
[White "Pastowski, Werner"]
[Black "Barnstedt, Dietrich"]
[Result "0-1"]
[WhiteElo "1550"]
[BlackElo "2035"]
[PlyCount "114"]
[EventDate "2002.11.??"]

1. Nf3 Nf6 2. d4 d5 3. e3 Nbd7 4. c4 e6 5. Nc3 Bb4 6. Bd2 O-O 7. Bd3 c5 8. a3
cxd4 9. exd4 dxc4 10. Bxc4 Bd6 11. O-O Nb6 12. Bb3 Bd7 13. Ne5 h6 14. Be3 Rc8
15. Rc1 Bc6 16. Nxc6 bxc6 17. Qf3 Nbd5 18. Nxd5 Nxd5 19. Rc2 Qb6 20. Bxd5 cxd5
21. Rfc1 Rxc2 22. Rxc2 Qb8 23. g3 Rc8 24. Rxc8+ Qxc8 25. Qg4 Kh7 26. Qe2 Qc6
27. f4 g6 28. Qd3 Be7 29. b4 Qa4 30. Bc1 Kg7 31. Kf1 a5 32. b5 Bd6 33. Ke2 Bb8
34. Bb2 h5 35. h4 Ba7 36. Kd2 Kf6 37. Ke2 Ke7 38. Kd2 Kd6 39. Ke2 Qc4 40. Qxc4
dxc4 41. a4 Kd5 42. Bc3 Bb6 43. Kf3 f6 44. Ke3 e5 45. fxe5 fxe5 46. Kf3 exd4
47. Bd2 c3 48. Bg5 d3 49. Be3 c2 50. Bd2 Bd4 51. Bc1 Bb2 52. Bd2 c1=Q 53. Bxc1
Bxc1 54. Kf2 Bd2 55. Kf3 Bb4 56. Ke3 Kc4 57. Kf2 Kc3 0-1

[Event "12sen.WM-H Naumburg"]
[Site "Naumburg/Saale(20.10.-03.11.)"]
[Date "2002.10.21"]
[Round "1"]
[White "Piastowski, Kurt"]
[Black "Bachmann, Karlheinz"]
[Result "0-1"]
[WhiteElo "1887"]
[BlackElo "2108"]
[PlyCount "62"]
[EventDate "2002.11.??"]

1. d4 Nf6 2. Nf3 g6 3. Bg5 Bg7 4. e3 d6 5. Nbd2 h6 6. Bh4 g5 7. Bg3 Nh5 8. Be2
Nd7 9. Nxg5 Nxg3 10. Nxf7 Kxf7 11. Bc4+ e6 12. hxg3 Nf6 13. Qf3 d5 14. Bd3 Rf8
15. g4 Qd6 16. O-O-O e5 17. Bf5 e4 18. Qh3 Bxf5 19. gxf5 Rae8 20. g4 Ke7 21.
Nb3 b6 22. Rdg1 Nh7 23. Nd2 Ng5 24. Qf1 a5 25. Nb1 Nf3 26. Rg3 c5 27. c3 Rc8
28. Nd2 cxd4 29. Nxf3 dxc3 30. Nd4 cxb2+ 31. Kxb2 Qb4+ 0-1

[Event "12sen.WM-H Naumburg"]
[Site "Naumburg/Saale(20.10.-03.11.)"]
[Date "2002.10.21"]
[Round "1"]
[White "Potthammel, Joerg"]
[Black "Weigel, Max"]
[Result "1-0"]
[WhiteElo "2111"]
[BlackElo "1579"]
[PlyCount "53"]
[EventDate "2002.11.??"]

1. e4 d6 2. d4 Nf6 3. Nc3 g6 4. Be2 Bg7 5. h4 h6 6. Be3 a6 7. Nh3 b5 8. a3 Bb7
9. f3 Nc6 10. Nf2 e5 11. d5 Ne7 12. Qd2 Nfg8 13. O-O-O f5 14. g3 Nf6 15. Kb1
Bc8 16. f4 Nfg8 17. h5 exf4 18. gxf4 Nf6 19. hxg6 Bd7 20. e5 Nfg8 21. Bh5 Qc8
22. e6 Bxe6 23. dxe6 Qxe6 24. Bd4 Nf6 25. Rde1 Qd7 26. Bxf6 Bxf6 27. Nd5 1-0

[Event "12sen.WM-H Naumburg"]
[Site "Naumburg/Saale(20.10.-03.11.)"]
[Date "2002.10.21"]
[Round "1"]
[White "Rahls, Peter"]
[Black "Ehlert, Joachim"]
[Result "1-0"]
[WhiteElo "2291"]
[BlackElo "1856"]
[PlyCount "53"]
[EventDate "2002.11.??"]

1. e4 c5 2. c3 e6 3. Nf3 Nc6 4. d4 cxd4 5. cxd4 Bb4+ 6. Nc3 Nf6 7. e5 Nd5 8.
Bd2 Nxc3 9. bxc3 Be7 10. Bd3 d6 11. Qe2 O-O 12. h4 dxe5 13. dxe5 f5 14. exf6
Bxf6 15. Qe4 h6 16. Rd1 Qc7 17. Qh7+ Kf7 18. O-O Ne5 19. Nxe5+ Qxe5 20. Qg6+
Ke7 21. Rfe1 Qc7 22. c4 Bd7 23. Bc1 Bd4 24. Be3 Bc3 25. Re2 Be8 26. Bg5+ hxg5
27. Qxe6+ 1-0

[Event "12sen.WM-H Naumburg"]
[Site "Naumburg/Saale(20.10.-03.11.)"]
[Date "2002.10.21"]
[Round "1"]
[White "Rauscher, Erwin"]
[Black "Schulz, Wolfgang[32Hamb]"]
[Result "0-1"]
[WhiteElo "1579"]
[BlackElo "2117"]
[PlyCount "40"]
[EventDate "2002.11.??"]

1. c4 Nf6 2. d4 g6 3. Nc3 Bg7 4. e4 d6 5. f3 O-O 6. Be3 e5 7. d5 Nh5 8. Qd2 f5
9. Nge2 Nd7 10. O-O-O Ndf6 11. Kb1 a6 12. a4 Bd7 13. Bh6 Bxh6 14. Qxh6 fxe4 15.
fxe4 Ng4 16. Qd2 Nf2 17. Ng3 Nxg3 18. hxg3 Nxh1 19. Qe3 Nf2 20. Rc1 Ng4 0-1

[Event "12sen.WM-H Naumburg"]
[Site "Naumburg/Saale(20.10.-03.11.)"]
[Date "2002.10.21"]
[Round "1"]
[White "Reznikov, Emmanouil"]
[Black "Thonig, Manfred"]
[Result "1-0"]
[WhiteElo "2098"]
[BlackElo "1569"]
[PlyCount "59"]
[EventDate "2002.11.??"]

1. e4 g6 2. d4 Bg7 3. c3 c6 4. Bc4 d5 5. exd5 cxd5 6. Bb3 Nf6 7. Nf3 Bg4 8. h3
Bxf3 9. Qxf3 e6 10. Bf4 Nc6 11. Nd2 a6 12. g4 b5 13. h4 h5 14. g5 Ng8 15. a4
Nge7 16. Bc2 e5 17. dxe5 Bxe5 18. Bxe5 Nxe5 19. Qf6 O-O 20. Qxe5 Nc6 21. Qf4
Re8+ 22. Kf1 d4 23. Ne4 Re7 24. Nf6+ Kh8 25. Be4 Rc8 26. axb5 axb5 27. Bxc6
Rxc6 28. Qxd4 Rd6 29. Qxd6 Qf8 30. Ra7 1-0

[Event "12sen.WM-H Naumburg"]
[Site "Naumburg/Saale(20.10.-03.11.)"]
[Date "2002.10.21"]
[Round "1"]
[White "Ristic, Sreten"]
[Black "Braun, Gottfried_Dr"]
[Result "0-1"]
[WhiteElo "1796"]
[BlackElo "2243"]
[PlyCount "58"]
[EventDate "2002.11.??"]

1. e4 c6 2. d4 d5 3. Nc3 dxe4 4. Nxe4 Nf6 5. Nxf6+ exf6 6. a3 Bd6 7. Bc4 O-O 8.
Ne2 Qc7 9. f4 Re8 10. h3 Bxf4 11. O-O Bxc1 12. Nxc1 Be6 13. Be2 Qb6 14. b3 Rd8
15. c3 c5 16. c4 Rxd4 17. Qc2 Nc6 18. Bd3 h6 19. Qc3 Rad8 20. Ra2 Qc7 21. Re2
Qd7 22. Bc2 Rd2 23. Rff2 Rxe2 24. Nxe2 Qd2 25. Be4 Qd1+ 26. Kh2 Rd2 27. Qf3 Ne5
28. Qe3 Qe1 29. Bxb7 Nd3 0-1

[Event "12sen.WM-H Naumburg"]
[Site "Naumburg/Saale(20.10.-03.11.)"]
[Date "2002.10.21"]
[Round "1"]
[White "Roth, Karl_Heinz"]
[Black "Meszaros, Ignac"]
[Result "1/2-1/2"]
[WhiteElo "1632"]
[BlackElo "2144"]
[PlyCount "41"]
[EventDate "2002.11.??"]

1. d4 Nf6 2. c4 g6 3. Nc3 d5 4. cxd5 Nxd5 5. e4 Nxc3 6. bxc3 Bg7 7. Nf3 c5 8.
Bb5+ Bd7 9. Bxd7+ Qxd7 10. O-O cxd4 11. cxd4 Nc6 12. Be3 O-O 13. Rb1 e6 14. Qa4
Rfd8 15. Rfd1 Ne5 16. Qxd7 Nxf3+ 17. gxf3 Rxd7 18. Rd3 b6 19. Rbd1 Rad8 20. Kf1
f5 21. Bg5 1/2-1/2

[Event "12sen.WM-H Naumburg"]
[Site "Naumburg/Saale(20.10.-03.11.)"]
[Date "2002.10.21"]
[Round "1"]
[White "Rubinstein, Mark"]
[Black "Klundt, Klaus"]
[Result "0-1"]
[WhiteElo "2012"]
[BlackElo "2385"]
[PlyCount "101"]
[EventDate "2002.11.??"]

1. c4 Nf6 2. d4 g6 3. Nc3 Bg7 4. g3 O-O 5. Bg2 d6 6. e3 Nbd7 7. Nge2 e5 8. O-O
Re8 9. b3 e4 10. Bb2 Nf8 11. Qc2 Qe7 12. Nf4 c6 13. d5 c5 14. h3 h5 15. Qe2 Bf5
16. Kh2 N8d7 17. Nb5 Ne5 18. Bxe5 dxe5 19. d6 Qd7 20. Nd5 Nxd5 21. cxd5 Red8
22. Qc4 a6 23. Nc3 Qxd6 24. a4 b6 25. Rad1 Ra7 26. Bxe4 Bd7 27. Bg2 f5 28. e4
f4 29. f3 fxg3+ 30. Kxg3 Bh6 31. Ne2 Rf8 32. Rh1 b5 33. Qc2 h4+ 34. Kh2 Rc7 35.
Ra1 c4 36. axb5 Bxb5 37. Rhe1 c3 38. Ng1 Bd2 39. Reb1 Qb6 40. Ra2 Qe3 41. Qd1
Bd3 42. Rc2 Qf2 43. Kh1 Kg7 44. Ra1 Bxc2 45. Qxc2 Be3 46. Qxf2 Bxf2 47. Ne2 Rb8
48. Nc1 Be3 49. Bf1 c2 50. Bxa6 Ra7 51. b4 0-1

[Event "12sen.WM-H Naumburg"]
[Site "Naumburg/Saale(20.10.-03.11.)"]
[Date "2002.10.21"]
[Round "1"]
[White "Rudnik, Heinz"]
[Black "Roellig, Wolfgang"]
[Result "1-0"]
[WhiteElo "2068"]
[BlackElo "1442"]
[PlyCount "27"]
[EventDate "2002.11.??"]

1. e4 e6 2. d4 d5 3. Nc3 Nf6 4. Bg5 Be7 5. e5 Nfd7 6. h4 h6 7. Bf4 O-O 8. Bxh6
gxh6 9. Qg4+ Kh8 10. Qh5 Kg7 11. Rh3 Qe8 12. Rg3+ Kh7 13. Bd3+ f5 14. exf6+ 1-0

[Event "12sen.WM-H Naumburg"]
[Site "Naumburg/Saale(20.10.-03.11.)"]
[Date "2002.10.21"]
[Round "1"]
[White "Rychlik, Kurt"]
[Black "Schwagrowski, Bernd"]
[Result "1-0"]
[WhiteElo "2078"]
[BlackElo "1543"]
[PlyCount "105"]
[EventDate "2002.11.??"]

1. d4 Nf6 2. c4 g6 3. Nc3 Bg7 4. e4 d6 5. Be2 O-O 6. Bg5 Nbd7 7. Qd2 e5 8. d5
a5 9. g4 Qe8 10. h4 Nc5 11. f3 h5 12. gxh5 Nxh5 13. Nh3 Ng3 14. Rh2 Kh7 15. Nf2
Rh8 16. O-O-O f5 17. Rg1 f4 18. Nh1 Nh5 19. Nf2 Qf7 20. Ng4 Bd7 21. Kb1 Rhb8
22. Nf2 Qf8 23. Nd3 Nxd3 24. Bxd3 c5 25. dxc6 bxc6 26. Rd1 Rb7 27. Bc2 Qb8 28.
Qxd6 Qxd6 29. Rxd6 Bf8 30. Rd3 Rab8 31. Nd1 Bc5 32. Rhd2 Be6 33. Bb3 a4 34.
Bxa4 Bxc4 35. Rd7+ Ng7 36. Bxc6 Rb6 37. Bd5 Bb5 38. Rd8 Ne8 39. Rxb8 Rxb8 40.
Bb3 Bd4 41. Bxf4 Nc7 42. Be3 Na6 43. Bxd4 exd4 44. Rxd4 Be2 45. f4 Nc5 46. Bc2
Ne6 47. Rd7+ Kh6 48. f5 gxf5 49. exf5 Nf8 50. Re7 Bg4 51. Ne3 Rb4 52. Rf7 Rb8
53. Nxg4+ 1-0

[Event "12sen.WM-H Naumburg"]
[Site "Naumburg/Saale(20.10.-03.11.)"]
[Date "2002.10.21"]
[Round "1"]
[White "Scheide, Helmut"]
[Black "Hecht, Hans_Joachim"]
[Result "0-1"]
[WhiteElo "2014"]
[BlackElo "2390"]
[PlyCount "130"]
[EventDate "2002.11.??"]

1. d4 Nf6 2. c4 e6 3. Nc3 Bb4 4. e3 O-O 5. Bd3 d5 6. Nf3 c5 7. O-O Nc6 8. a3
Bxc3 9. bxc3 dxc4 10. Bxc4 Qc7 11. Qe2 e5 12. dxe5 Nxe5 13. Nxe5 Qxe5 14. f4
Qe7 15. Bd3 Ne4 16. Qc2 Re8 17. Bxe4 Qxe4 18. Qxe4 Rxe4 19. Rd1 Be6 20. Kf2 Re8
21. Rb1 b6 22. h3 h5 23. Rb2 Rc4 24. Bd2 Rd8 25. Ra1 Bd7 26. Be1 Ba4 27. Rd2
Re8 28. Rb2 f6 29. Bd2 Kf7 30. Re1 Bc6 31. Rg1 Ra4 32. Ra1 Ke6 33. Rbb1 Be4 34.
Rb2 Kd5 35. Be1 Bd3 36. Bd2 Ke4 37. Be1 g5 38. Bd2 h4 39. Rba2 Bc4 40. Rb2 Rd8
41. Ke1 Rd6 42. Bc1 Rd3 43. Bd2 b5 44. Rc2 gxf4 45. exf4 Rg3 46. Bc1 f5 47. Rd2
Rxc3 48. Rd7 Rxc1+ 49. Rxc1 Rxa3 50. Rh7 Ra2 51. Rxh4 Rxg2 52. Rh7 a5 53. h4
Rh2 54. Ra7 Kxf4 55. Rxc4+ bxc4 56. Rxa5 Rxh4 57. Rxc5 Ke3 58. Re5+ Kd3 59.
Rxf5 Rh1+ 60. Kf2 c3 61. Rd5+ Kc4 62. Rd8 c2 63. Rc8+ Kd3 64. Rd8+ Ke4 65. Re8+
Kf5 0-1

[Event "12sen.WM-H Naumburg"]
[Site "Naumburg/Saale(20.10.-03.11.)"]
[Date "2002.10.21"]
[Round "1"]
[White "Schlag, Franz"]
[Black "Joch, Horst"]
[Result "1-0"]
[WhiteElo "2155"]
[BlackElo "1654"]
[PlyCount "69"]
[EventDate "2002.11.??"]

1. e4 e6 2. Nf3 d5 3. e5 c5 4. b4 Bd7 5. bxc5 Bxc5 6. d4 Be7 7. Bd3 Nc6 8. c3
Rc8 9. O-O b5 10. Qe2 b4 11. Bd2 bxc3 12. Nxc3 Nb4 13. Rab1 Nxd3 14. Qxd3 Ra8
15. Qa6 Bc8 16. Qc6+ Bd7 17. Qb7 Qc8 18. Rfc1 Qxb7 19. Rxb7 Bd8 20. Nb5 Bxb5
21. Rxb5 Ne7 22. a4 O-O 23. Bb4 Re8 24. g4 Nc8 25. a5 Be7 26. Bc5 h6 27. Rb7
Kf8 28. Nd2 Bxc5 29. dxc5 Ne7 30. c6 Reb8 31. a6 d4 32. Ne4 Nd5 33. Nd6 Nc3 34.
Kf1 Rd8 35. c7 1-0

[Event "12sen.WM-H Naumburg"]
[Site "Naumburg/Saale(20.10.-03.11.)"]
[Date "2002.10.21"]
[Round "1"]
[White "Schneider, Siegfried[42Wilk]"]
[Black "Dille, Janis"]
[Result "0-1"]
[WhiteElo "1676"]
[BlackElo "2158"]
[PlyCount "98"]
[EventDate "2002.11.??"]

1. e4 e5 2. Nf3 Nc6 3. d4 exd4 4. Bc4 Bc5 5. c3 Qf6 6. O-O d6 7. Bg5 Qg6 8.
cxd4 Nxd4 9. Nxd4 Bxd4 10. Qxd4 Qxg5 11. f4 Qc5 12. Qxc5 dxc5 13. Nc3 c6 14.
Rad1 Bg4 15. Rd6 Ne7 16. h3 Nc8 17. Rd2 Be6 18. Bd3 f6 19. g4 Nb6 20. Rfd1
O-O-O 21. e5 fxe5 22. fxe5 Bd5 23. b3 g6 24. Be4 Bxe4 25. Nxe4 Rxd2 26. Rxd2
Nd5 27. Nxc5 Re8 28. Nd3 Rf8 29. Rf2 Rxf2 30. Kxf2 b6 31. Kf3 Kd7 32. a3 g5 33.
Ke4 Ke6 34. b4 Nc3+ 35. Kd4 Nb5+ 36. Ke4 Nxa3 37. Kd4 Nb5+ 38. Ke4 Nc3+ 39. Kd4
Nd5 40. Ke4 h6 41. Kd4 Nxb4 42. Nf2 a5 43. Ne4 c5+ 44. Kc4 Kxe5 45. Nc3 Kf4 46.
Kb5 Kg3 47. Ne4+ Kxh3 48. Nf6 Nd3 49. Kxb6 a4 0-1

[Event "12sen.WM-H Naumburg"]
[Site "Naumburg/Saale(20.10.-03.11.)"]
[Date "2002.10.21"]
[Round "1"]
[White "Schneiderheinze, Roland"]
[Black "Wunderer, Eckart"]
[Result "0-1"]
[WhiteElo "1754"]
[BlackElo "2206"]
[PlyCount "82"]
[EventDate "2002.11.??"]

1. d4 d6 2. c4 Nf6 3. Nc3 Nbd7 4. Nf3 c6 5. e4 e5 6. dxe5 dxe5 7. Be2 Be7 8.
O-O O-O 9. Qc2 Qc7 10. Bg5 Nc5 11. Rad1 Bg4 12. h3 Bxf3 13. Bxf3 Ne6 14. Bh4
Nd4 15. Qc1 Nxf3+ 16. gxf3 Nh5 17. Bg3 h6 18. Kh2 Bg5 19. Qc2 Qe7 20. Rg1 Qf6
21. Qe2 Rad8 22. Rxd8 Rxd8 23. Rd1 Bf4 24. Rxd8+ Qxd8 25. Qd1 Qb6 26. Qc2 Qd4
27. b3 Nxg3 28. fxg3 Bxg3+ 29. Kxg3 Qg1+ 30. Qg2 Qe1+ 31. Qf2 Qxc3 32. Qxa7 Qd4
33. Qxd4 exd4 34. c5 f6 35. f4 g5 36. f5 h5 37. b4 d3 38. Kf2 g4 39. hxg4 hxg4
40. Ke3 g3 41. Kxd3 g2 0-1

[Event "12sen.WM-H Naumburg"]
[Site "Naumburg/Saale(20.10.-03.11.)"]
[Date "2002.10.21"]
[Round "1"]
[White "Schober, Manfred"]
[Black "Roettger, Johann"]
[Result "1-0"]
[WhiteElo "2047"]
[BlackElo "1102"]
[PlyCount "61"]
[EventDate "2002.11.??"]

1. d4 d5 2. Nf3 h6 3. c4 dxc4 4. e4 e6 5. Bxc4 a6 6. O-O Bb4 7. Qa4+ b5 8.
Bxb5+ Bd7 9. Bxd7+ Nxd7 10. Qxb4 Ne7 11. Nc3 O-O 12. Bf4 Ng6 13. Bg3 Qc8 14.
Rac1 Re8 15. e5 c5 16. dxc5 Nxc5 17. Rfd1 Rb8 18. Qa3 Rb7 19. Ne4 Rb5 20. Nd6
Qb8 21. Nxb5 Qxb5 22. Rxc5 Qe2 23. Qa4 Re7 24. h3 Qxb2 25. Rc8+ Kh7 26. Qe4 f6
27. exf6 Qxf6 28. Nh4 Rf7 29. Rdd8 Qa1+ 30. Kh2 Qf6 31. Rh8# 1-0

[Event "12sen.WM-H Naumburg"]
[Site "Naumburg/Saale(20.10.-03.11.)"]
[Date "2002.10.21"]
[Round "1"]
[White "Schuler, Georg"]
[Black "Schwichtenberg, Juergen"]
[Result "0-1"]
[WhiteElo "2148"]
[BlackElo "1633"]
[PlyCount "126"]
[EventDate "2002.11.??"]

1. c4 e5 2. Nc3 Bb4 3. g3 Nf6 4. Bg2 c6 5. e3 O-O 6. Qb3 Ba5 7. Nge2 d6 8. O-O
Nbd7 9. d4 Re8 10. Rd1 Qe7 11. Bd2 Bc7 12. d5 c5 13. e4 h6 14. Rf1 a6 15. Rae1
Qd8 16. h3 b6 17. g4 g5 18. Ng3 Nf8 19. Nd1 Ng6 20. Ne3 Nf4 21. Nef5 Kh7 22.
Qd1 b5 23. b3 b4 24. Kh2 Ng6 25. Rh1 Ng8 26. Kg1 f6 27. f3 Rf8 28. Qe2 Rf7 29.
Rh2 Qf8 30. Kf2 Kh8 31. h4 Rh7 32. hxg5 fxg5 33. Reh1 Bd8 34. Qe3 a5 35. Qe1
Raa7 36. Nh5 a4 37. Qd1 axb3 38. Qxb3 Ra3 39. Qb2 Rha7 40. Ra1 b3 41. Kg3 Rxa2
42. Rxa2 Rxa2 43. Qc1 Rc2 44. Qd1 Ba6 45. Ne3 Ra2 46. Bc3 Nf4 47. Bd2 Nxh5+ 48.
Rxh5 Qf4+ 49. Kh3 Kh7 50. Nf1 Qf8 51. Kg3 Bxc4 52. Qc1 Rc2 53. Qd1 Bxf1 54.
Bxf1 Be7 55. Bd3 Ra2 56. Be3 Qb8 57. Qh1 Kg6 58. Qb1 Qb4 59. Qf1 Qc3 60. Bf2
Ra1 61. Bb1 b2 62. Qb5 Nf6 63. Rh1 Qc1 0-1

[Event "12sen.WM-H Naumburg"]
[Site "Naumburg/Saale(20.10.-03.11.)"]
[Date "2002.10.21"]
[Round "1"]
[White "Schumacher, Ursula"]
[Black "Robitsch, Hermann"]
[Result "0-1"]
[WhiteElo "1528"]
[BlackElo "2077"]
[PlyCount "68"]
[EventDate "2002.11.??"]

1. c4 e6 2. Nc3 d5 3. cxd5 exd5 4. d4 c6 5. g3 Bf5 6. Bg2 Bb4 7. Nf3 Nd7 8. O-O
Ngf6 9. Bf4 O-O 10. a3 Be7 11. Re1 Ne4 12. Nd2 Nxd2 13. Qxd2 Nb6 14. b3 Re8 15.
e4 dxe4 16. Nxe4 Nd5 17. Bg5 f6 18. Be3 Nxe3 19. fxe3 Qd7 20. b4 Rad8 21. Nc5
Qc8 22. Rac1 Bxc5 23. Rxc5 Be4 24. Bxe4 Rxe4 25. Kg2 Qe6 26. Rc3 Rdxd4 27. Rd3
Rxd3 28. Qxd3 Qd5 29. Qxd5+ cxd5 30. Kf2 Kf7 31. Rc1 Rc4 32. Rxc4 dxc4 33. Ke2
b5 34. Kd2 Ke6 0-1

[Event "12sen.WM-H Naumburg"]
[Site "Naumburg/Saale(20.10.-03.11.)"]
[Date "2002.10.21"]
[Round "1"]
[White "Schwertel, Johann"]
[Black "Melzig, Ernst"]
[Result "1-0"]
[WhiteElo "2061"]
[BlackElo "1405"]
[PlyCount "69"]
[EventDate "2002.11.??"]

1. c4 c5 2. Nc3 Nf6 3. e4 e5 4. Nf3 Nc6 5. d3 d6 6. Bg5 Be7 7. Be2 O-O 8. O-O
h6 9. Bh4 Bg4 10. a3 Bxf3 11. Bxf3 a5 12. Bxf6 Bxf6 13. Nd5 Nd4 14. g3 Ne6 15.
Rb1 Nc7 16. Ne3 Ne6 17. Bg4 Nd4 18. b4 axb4 19. axb4 Rb8 20. bxc5 dxc5 21. Nd5
b5 22. cxb5 Rxb5 23. Rxb5 Nxb5 24. Qc2 Be7 25. Rc1 Bg5 26. Ra1 Qd6 27. Ra5 Rb8
28. Qc4 Nc7 29. Rxc5 Nxd5 30. Rxd5 Qf6 31. Qc5 Qa6 32. Qc3 Bf6 33. Rd7 Rc8 34.
Qb3 Rd8 35. Qxf7+ 1-0

[Event "12sen.WM-H Naumburg"]
[Site "Naumburg/Saale(20.10.-03.11.)"]
[Date "2002.10.21"]
[Round "1"]
[White "Semasev, Kim"]
[Black "Rost, Wolfgang_Dr"]
[Result "1-0"]
[WhiteElo "2274"]
[BlackElo "1839"]
[PlyCount "99"]
[EventDate "2002.11.??"]

1. e4 c5 2. Nf3 Nc6 3. d4 cxd4 4. Nxd4 Nf6 5. Nc3 e5 6. Ndb5 d6 7. Bg5 a6 8.
Na3 b5 9. Nd5 Be7 10. Bxf6 Bxf6 11. c3 Ne7 12. Nc2 Bb7 13. a4 Nxd5 14. exd5 Qb6
15. axb5 axb5 16. Rxa8+ Bxa8 17. Be2 O-O 18. Qd3 Rc8 19. Nb4 Rc4 20. O-O Bb7
21. Qe3 Qxe3 22. fxe3 Rc5 23. Ra1 g6 24. Ra7 Bxd5 25. Rd7 Bg5 26. Kf2 Be6 27.
Rxd6 e4 28. Nc6 Rf5+ 29. Ke1 Rc5 30. Kd2 Kg7 31. Nd4 Bc4 32. Bxc4 bxc4 33. Rc6
Ra5 34. Rxc4 Kh6 35. b4 Ra2+ 36. Nc2 f5 37. Kc1 Rxc2+ 38. Kxc2 Bxe3 39. b5 Kg5
40. Rd4 Kg4 41. b6 Bf4 42. g3 Bb8 43. Rd8 Be5 44. Re8 Bd6 45. b7 Kh3 46. c4
Kxh2 47. c5 Bxg3 48. c6 Kg2 49. b8=Q Bxb8 50. Rxb8 1-0

[Event "12sen.WM-H Naumburg"]
[Site "Naumburg/Saale(20.10.-03.11.)"]
[Date "2002.10.21"]
[Round "1"]
[White "Shlakman, Itzhak"]
[Black "Fiedler, Eduard"]
[Result "1-0"]
[WhiteElo "2127"]
[BlackElo "1597"]
[PlyCount "89"]
[EventDate "2002.11.??"]

1. e4 e6 2. d4 d5 3. Nd2 c5 4. exd5 Qxd5 5. dxc5 Bxc5 6. Ngf3 Nf6 7. Bc4 Qh5 8.
O-O O-O 9. Qe2 Nc6 10. Ne4 Nxe4 11. Qxe4 Be7 12. Be2 Qg6 13. Qxg6 hxg6 14. Bf4
f6 15. Rfd1 e5 16. Be3 g5 17. Bc4+ Kh7 18. c3 g6 19. Bd5 g4 20. Nd2 f5 21. Nb3
Kg7 22. Bc5 Kf6 23. Rd2 Rd8 24. Rad1 Bxc5 25. Nxc5 Ne7 26. Bxb7 Rxd2 27. Rxd2
Bxb7 28. Nxb7 Rc8 29. Na5 Ke6 30. c4 Nc6 31. Nxc6 Rxc6 32. b3 Rd6 33. Rxd6+
Kxd6 34. b4 Kc6 35. g3 g5 36. Kf1 Kb6 37. f3 gxf3 38. h4 g4 39. h5 e4 40. Kf2
a5 41. bxa5+ Kxa5 42. h6 Kb4 43. h7 Kxc4 44. h8=Q Kd3 45. Qd8+ 1-0

[Event "12sen.WM-H Naumburg"]
[Site "Naumburg/Saale(20.10.-03.11.)"]
[Date "2002.10.21"]
[Round "1"]
[White "Simon, Eberhard"]
[Black "Breustedt, Werner"]
[Result "1/2-1/2"]
[WhiteElo "1819"]
[BlackElo "2264"]
[PlyCount "38"]
[EventDate "2002.11.??"]

1. e4 c5 2. Nc3 Nc6 3. f4 e6 4. Nf3 d5 5. Bb5 dxe4 6. Bxc6+ bxc6 7. Nxe4 Ba6 8.
d3 Nf6 9. Qe2 Nxe4 10. Qxe4 Qd5 11. Qa4 Bb5 12. Qa5 c4 13. a4 cxd3 14. axb5
Qe4+ 15. Kf2 Bc5+ 16. Kg3 Qg6+ 17. Kh3 Qh5+ 18. Kg3 Qg6+ 19. Kh3 Qh5+ 1/2-1/2

[Event "12sen.WM-H Naumburg"]
[Site "Naumburg/Saale(20.10.-03.11.)"]
[Date "2002.10.21"]
[Round "1"]
[White "Skjoenberg, Sverre"]
[Black "Flores_Escuin, Sadurni"]
[Result "1/2-1/2"]
[WhiteElo "1544"]
[BlackElo "2078"]
[PlyCount "99"]
[EventDate "2002.11.??"]

1. c4 f5 2. Nf3 Nf6 3. Nc3 g6 4. d4 d6 5. Bg5 Bg7 6. Qc2 O-O 7. Bxf6 exf6 8. e3
Nc6 9. Be2 a5 10. a3 Re8 11. O-O Kh8 12. Rfe1 Bd7 13. Bd3 Ne7 14. Re2 Bc6 15.
d5 Bd7 16. Rae1 c5 17. h3 Rc8 18. a4 Ng8 19. Nb5 Bxb5 20. axb5 Nh6 21. e4 f4
22. Qd2 g5 23. Qc2 b6 24. e5 fxe5 25. Bxh7 Qf6 26. Be4 g4 27. hxg4 Nf7 28. Qd3
Bh6 29. Bf5 Rc7 30. Qc2 Ng5 31. Qc3 Nxf3+ 32. Qxf3 Kg7 33. Kf1 Bg5 34. Qc3 Rh8
35. Rc2 Re7 36. Be4 Rh4 37. Qf3 Qh6 38. Rcc1 Bf6 39. Rcd1 Qg5 40. Bf5 Re8 41.
Re4 Reh8 42. Ke2 Rh1 43. Kd2 Rxd1+ 44. Kxd1 Rh1+ 45. Re1 Rxe1+ 46. Kxe1 Qh4 47.
Qh3 Kh6 48. Qf3 Qg5 49. Qh3+ Qh4 50. Qf3 1/2-1/2

[Event "12sen.WM-H Naumburg"]
[Site "Naumburg/Saale(20.10.-03.11.)"]
[Date "2002.10.21"]
[Round "1"]
[White "Smits, Oswald"]
[Black "Wilke, Dieter_Dr"]
[Result "1-0"]
[WhiteElo "1619"]
[BlackElo "1964"]
[PlyCount "86"]
[EventDate "2002.11.??"]

1. Nf3 Nf6 2. c4 g6 3. b3 Bg7 4. Bb2 O-O 5. g3 d6 6. d4 c6 7. Bg2 Bf5 8. O-O
Qc8 9. Nbd2 Bh3 10. Re1 Bxg2 11. Kxg2 e5 12. dxe5 Nfd7 13. Ne4 dxe5 14. Qc2 c5
15. Rad1 Nc6 16. e3 Qc7 17. Nd6 a6 18. Ng5 Rad8 19. Nge4 f5 20. Nc3 Nf6 21.
Nxf5 gxf5 22. Qxf5 Qf7 23. f4 exf4 24. exf4 b6 25. Na4 Nd4 26. Bxd4 cxd4 27.
Nb2 Kh8 28. Nd3 Qb7+ 29. Kf2 Nd7 30. Qh5 Qc6 31. Re7 Qg6 32. Qf3 Nc5 33. h4
Rde8 34. h5 Nxd3+ 35. Kf1 Qd6 36. Rxe8 Rxe8 37. Rxd3 Qe6 38. Qd1 Qh3+ 39. Kg1
Qe6 40. Kf1 Qh3+ 41. Kg1 Qf5 42. Kf2 h6 43. Qf3 Qh3 1-0

[Event "12sen.WM-H Naumburg"]
[Site "Naumburg/Saale(20.10.-03.11.)"]
[Date "2002.10.21"]
[Round "1"]
[White "Suchsland, Helmut_Dr"]
[Black "Lainburg, Victor"]
[Result "0-1"]
[WhiteElo "1786"]
[BlackElo "2235"]
[PlyCount "78"]
[EventDate "2002.11.??"]

1. e4 g6 2. d4 Bg7 3. Nc3 d6 4. Be2 Nf6 5. Be3 c6 6. g4 b5 7. g5 Nfd7 8. h4 Nb6
9. h5 d5 10. f3 Nc4 11. Bxc4 bxc4 12. Qd2 Na6 13. Nh3 Bxh3 14. Rxh3 Qd7 15. Rh4
O-O-O 16. O-O-O Nc7 17. Na4 Ne6 18. Qa5 Qc7 19. Qb4 Qg3 20. Rf4 Nxf4 21. Nc5
Ne2+ 22. Kd2 Qb8 23. Qa4 Qb6 24. Kxe2 gxh5 25. b3 c3 26. Rd3 Kb8 27. Na6+ Kb7
28. Nc5+ Ka8 29. Na6 Rc8 30. Kf2 h6 31. Rxc3 hxg5 32. Rc5 g4 33. c4 e6 34. exd5
exd5 35. cxd5 cxd5 36. Rb5 Rc2+ 37. Kf1 Qf6 38. f4 Qh4 39. Bd2 Qh1+ 0-1

[Event "12sen.WM-H Naumburg"]
[Site "Naumburg/Saale(20.10.-03.11.)"]
[Date "2002.10.21"]
[Round "1"]
[White "Till, Heinz"]
[Black "Rahn, Oskar"]
[Result "0-1"]
[WhiteElo "1389"]
[BlackElo "2060"]
[PlyCount "52"]
[EventDate "2002.11.??"]

1. e4 e5 2. Nf3 Nc6 3. Bb5 a6 4. Ba4 d6 5. d3 Nge7 6. Bg5 h6 7. Be3 g6 8. c4
Bg7 9. h3 f5 10. Nc3 O-O 11. Nd5 Nd4 12. Nxd4 exd4 13. Bd2 c6 14. Nf4 g5 15.
Ne2 fxe4 16. dxe4 Ng6 17. O-O g4 18. hxg4 Bxg4 19. f3 Be6 20. Bb3 c5 21. Qc1 d3
22. Nc3 Bd4+ 23. Be3 Nf4 24. Rf2 Qg5 25. Bxf4 Rxf4 26. Kf1 Qh4 0-1

[Event "12sen.WM-H Naumburg"]
[Site "Naumburg/Saale(20.10.-03.11.)"]
[Date "2002.10.21"]
[Round "1"]
[White "Tochtermann, Georg_Dr"]
[Black "Reichenbach, Werner"]
[Result "0-1"]
[WhiteElo "1878"]
[BlackElo "2297"]
[PlyCount "46"]
[EventDate "2002.11.??"]

1. e4 d5 2. exd5 Qxd5 3. Nc3 Qa5 4. Bc4 Nf6 5. Nge2 Bf5 6. d3 c6 7. O-O e6 8.
Bd2 Nbd7 9. h3 Qc7 10. Re1 Bd6 11. Nd4 O-O 12. Nxf5 exf5 13. Qf3 g6 14. Ne2 Ne5
15. Qe3 Rfe8 16. Qg5 Nxc4 17. dxc4 Ne4 18. Qh6 Bc5 19. Be3 Qb6 20. b3 Nxf2 21.
Bxc5 Qxc5 22. Kf1 Ne4 23. Qf4 g5 0-1

[Event "12sen.WM-H Naumburg"]
[Site "Naumburg/Saale(20.10.-03.11.)"]
[Date "2002.10.21"]
[Round "1"]
[White "Uhlmann, Wolfgang"]
[Black "Klebaner, Yakov"]
[Result "1-0"]
[WhiteElo "2440"]
[BlackElo "2041"]
[PlyCount "67"]
[EventDate "2002.11.??"]

1. c4 Nf6 2. Nc3 g6 3. e4 d6 4. d4 Bg7 5. Be2 O-O 6. Bg5 Na6 7. Qc2 c5 8. dxc5
Nxc5 9. Nf3 a5 10. O-O Bd7 11. Rfd1 Re8 12. Nd4 Ra6 13. f3 a4 14. Be3 Qa5 15.
Rab1 Rc8 16. Ndb5 Be8 17. b4 axb3 18. axb3 Ncd7 19. b4 Qd8 20. f4 Kh8 21. c5
dxc5 22. e5 cxb4 23. exf6 Bxf6 24. Rxb4 Rac6 25. Qd2 Rxc3 26. Nxc3 Rxc3 27. Bd4
Rc6 28. Bxf6+ Rxf6 29. Rxb7 Rd6 30. Qb2+ Nf6 31. Rxd6 Qxd6 32. Qe5 Kg8 33. Rxe7
Qxe7 34. Qxe7 1-0